00338nam a2200109Ia 4500008004100000082000800041100001700049245004600066942000600112952009500118999001500213240331s9999 xx 000 0 und d bXIA aXianliang, Z 0aUdalum unarvum - oru mandhaiyotin kathai  cL 001040708LaWERCLbWERCLcSSCd2024-03-31l0o 800 XIAp1674r2024-03-31w2024-03-31yL c3688d3688